00751nam a2200169 a 450000500170000000800410001705000200005810000180007824500570009626000360015350001030018965000100029265000200030299900190032295201200034195201200046120140414132108.0110115s19uu xx 00 eng d aM 536bC67 1995 aCole, Joanna. aMagic school bus in the Arctic :ba book about heat. aNew York :bScholastic,cc1998. a"From an episode of the animated TV series produced by Scholastic Productions, Inc."-- Back cover. aHeat. aArctic regions. c114669d114669 00104050aMUbMUcMd2011-01-15eLib. Fundg150.00l0oM 536 C67 1995pM6552r2014-04-14 00:00:00w2014-04-14yBK 00104050aMUbMUcMd2011-01-15eLib. Fundg150.00l0oM 536 C67 1995pM6553r2014-04-14 00:00:00w2014-04-14yBK